|
|
|
|
| LEADER |
00000nab a2200000 a 4500 |
| 001 |
vtls009327339 |
| 003 |
SK-MaSNL |
| 005 |
20260304153317.0 |
| 008 |
250506c2008 xo zr|p|||||||000 b|slo |
| 015 |
|
|
|a SNBRB2008/08
|2 snkbucl
|
| 035 |
|
|
|a (uuid)a2c67b07-484d-4bfd-8b5a-108359f4ffd5
|
| 035 |
|
|
|a urn:nbn:sk:snk-ab1x98
|
| 035 |
|
|
|a (urnnbn)urn:nbn:sk:snk:ar-a01639
|
| 038 |
|
|
|a SNKBUCL
|
| 040 |
|
|
|a SNKBUCL
|b slo
|c SNKBUCL
|e AACR2
|
| 041 |
0 |
|
|a slo
|
| 044 |
|
|
|a xo
|c SK
|
| 080 |
|
|
|a 792.54
|2 2001
|
| 100 |
1 |
|
|a Blaho, Vladimír,
|d 1943-
|4 aut
|9 102391
|
| 245 |
1 |
0 |
|a Rím
|b aj tradičné môže uspokojiť
|c Vladimír Blaho
|
| 500 |
|
|
|a Réžia: Franco Zeffirelli
|
| 600 |
1 |
7 |
|a Puccini, Giacomo,
|d 1858-1924
|t Tosca
|2 snkbucl
|9 29461
|
| 610 |
2 |
7 |
|a Teatro dell' Opera (Rím, Taliansko)
|2 snkbucl
|9 1397207
|
| 655 |
|
7 |
|a recenzie
|2 snkbucl
|9 21907
|
| 773 |
0 |
|
|t Hudobný život
|g Roč. XL, č. 6 (2008), s. 27
|x 1335-4140
|
| 850 |
|
|
|a Slovenská národná knižnica
|
| 852 |
|
|
|a Slovenská národná knižnica
|
| 954 |
|
|
|a odborná, vedecká literatúra pôvodná (slovenská)
|2 lita
|
| 958 |
|
|
|a article27
|
| 958 |
|
|
|a OND
|
| 958 |
|
|
|a RC
|
| 958 |
|
|
|a IT
|
| 958 |
|
|
|a EUIPO
|
| 999 |
|
|
|c 2953213
|d 2955143
|